000 00601cam a22002053a 4500
001 38568
003 PGUSA
005 20140828083842.0
008 120113s2012||||xxu|||||s|||||000 | eng d
040 _aPGUSA
_beng
042 _adc
100 1 _aMerényi, László,
_d1837-1907
245 1 0 _aSajóvölgyi eredeti népmesék (2. kötet)
_h[electronic resource] /
_cLászló Merényi
260 _bProject Gutenberg,
_c2012
506 _aPublic domain in the USA.
516 _aElectronic text
830 0 _aProject Gutenberg
_v38568
856 4 0 _uhttp://www.gutenberg.org/ebooks/38568
942 _cEB
999 _c267822
_d267822